[Event "FRA-ch U18"]
[Site "Montlucon"]
[Date "2011.04.21"]
[Round "6"]
[White "Verwee, Johann"]
[Black "Pilte, Nicolas"]
[Result "0-1"]
[WhiteElo "1672"]
[BlackElo "2100"]
[PlyCount "58"]
[EventDate "2011.04.17"]
[EventType "swiss"]
[EventRounds "9"]
[EventCountry "FRA"]
[SourceTitle "CBM 142 Extra"]
[Source "ChessBase"]
[SourceDate "2011.06.27"]
[SourceVersion "1"]
[SourceVersionDate "2011.06.27"]
[SourceQuality "1"]

1. e4 e5 2. Nf3 Nc6 3. Bb5 f5 4. d4 fxe4 5. Bxc6 dxc6 6. Nxe5 Qh4 7. c3 Nf6 8. h3 Nd5 9. Qe2 Bd6 10. Be3 0-0 11. Nd2 Bxe5 12. dxe5 Bg4 13. Qc4 Bf5 14. 0-0-0 Rae8 15. g3 Qe7 16. Bc5 Qxe5 17. Bxf8 Rxf8 18. Rhe1 Re8 19. Nf3 Qf6 20. Nd2 b5 21. Qd4 Qxd4 22. cxd4 Nb4 23. Re3 Nxa2+ 24. Kb1 Nb4 25. g4 Bg6 26. f4 exf3+ 27. Ne4 Rxe4 28. Rxe4 Bxe4+ 29. Kc1 f2 0-1

[Event "Malakoff op 9th"]
[Site "Malakoff"]
[Date "2010.04.22"]
[Round "7"]
[White "Pilte, Nicolas"]
[Black "Kozhuharov, Spas"]
[Result "0-1"]
[WhiteElo "2074"]
[BlackElo "2412"]
[PlyCount "88"]
[EventDate "2010.04.17"]
[EventType "swiss"]
[EventRounds "9"]
[EventCountry "FRA"]
[SourceTitle "CBM 136 Extra"]
[Source "ChessBase"]
[SourceDate "2010.07.02"]
[SourceVersion "2"]
[SourceVersionDate "2010.07.15"]
[SourceQuality "1"]

1. e4 c5 2. c3 Nf6 3. e5 Nd5 4. d4 cxd4 5. Nf3 e6 6. Bc4 Nb6 7. Bb3 dxc3 8. Nxc3 d5 9. exd6 Bxd6 10. 0-0 Nc6 11. Nb5 Bb8 12. Qxd8+ Nxd8 13. Rd1 Bd7 14. Nd6+ Bxd6 15. Rxd6 Nc6 16. Be3 h6 17. Rad1 0-0-0 18. Nd4 Na5 19. Bf4 Bc6 20. Nxc6 Nxc6 21. Rxd8+ Rxd8 22. Rxd8+ Kxd8 23. Bd2 Nd5 24. Kf1 Ke7 25. Bd1 e5 26. a3 f5 27. h3 Ke6 28. Ke2 e4 29. f3 Nd4+ 30. Kf2 Ke5 31. g4 Nxf3 32. Bxf3 exf3 33. Kxf3 g5 34. Bc1 Nf4 35. h4 Ne6 36. gxf5 Kxf5 37. hxg5 hxg5 38. Be3 a6 39. b4 g4+ 40. Kg3 b5 41. Kf2 Ke4 42. Ke2 g3 43. Ba7 Nf4+ 44. Kd2 g2 0-1

[Event "FRA-chT2 0910"]
[Site "France"]
[Date "2009.12.13"]
[Round "6.6"]
[White "Pilte, Nicolas"]
[Black "Jeanjean, Dominique"]
[Result "0-1"]
[WhiteElo "2078"]
[BlackElo "2095"]
[PlyCount "61"]
[EventDate "2009.09.27"]
[EventType "team-tourn"]
[EventRounds "11"]
[EventCountry "FRA"]
[SourceTitle "EXT 2011"]
[Source "ChessBase"]
[SourceDate "2010.11.26"]
[SourceVersion "1"]
[SourceVersionDate "2010.11.26"]
[SourceQuality "1"]

1. e4 e5 2. f4 Bc5 3. Nf3 d6 4. Nc3 Nf6 5. Bc4 Nc6 6. d3 Bg4 7. h3 Bxf3 8. Qxf3 Qe7 9. f5 Nd4 10. Qd1 c6 11. Bg5 h6 12. Bh4 d5 13. Bxd5 cxd5 14. Nxd5 Qd6 15. Bxf6 gxf6 16. c3 Nc6 17. b4 Bb6 18. c4 Nxb4 19. Qa4+ Nc6 20. Nxb6 Qxd3 21. Nxa8 Qxe4+ 22. Kd2 0-0 23. Nc7 Rd8+ 24. Kc1 Rd4 25. Kb2 Qe2+ 26. Qc2 Rd2 27. Rac1 Nb4 28. Qxd2 Qxd2+ 29. Kb3 Nd3 30. Rb1 Nc5+ 31. Ka3 0-1

[Event "Creon op 14th"]
[Site "Creon"]
[Date "2009.08.02"]
[Round "9"]
[White "Pilte, Nicolas"]
[Black "Navrotescu, Andreea Cristiana"]
[Result "0-1"]
[WhiteElo "2015"]
[BlackElo "1847"]
[PlyCount "76"]
[EventDate "2009.07.27"]
[EventType "swiss"]
[EventRounds "9"]
[EventCountry "FRA"]
[SourceTitle "CBM 131 Extra"]
[Source "ChessBase"]
[SourceDate "2009.09.03"]
[SourceVersion "2"]
[SourceVersionDate "2009.09.16"]
[SourceQuality "1"]

1. e4 c5 2. c3 d5 3. exd5 Qxd5 4. d4 Nf6 5. Nf3 Bg4 6. dxc5 Qxd1+ 7. Kxd1 e5 8. b4 e4 9. h3 Bh5 10. g4 Nxg4 11. hxg4 Bxg4 12. Nbd2 exf3 13. Bc4 Nc6 14. Re1+ Be7 15. Kc2 a5 16. b5 Nd8 17. Ba3 Kf8 18. Ne4 Bf5 19. Kb2 Bxe4 20. Rxe4 Rc8 21. Rae1 Ne6 22. Bxe6 fxe6 23. Rf4+ Bf6 24. Rxe6 Kf7 25. Ree4 Rhe8 26. Kb3 Rxe4 27. Rxe4 g5 28. Re3 g4 29. Ka4 Bh4 30. Re4 h5 31. Kxa5 Ra8+ 32. Kb6 Rxa3 33. Kxb7 Rxc3 34. c6 Bxf2 35. b6 Bg3 36. Rd4 Rc1 37. c7 f2 38. Rd5 f1Q 0-1

[Event "Creon op 14th"]
[Site "Creon"]
[Date "2009.07.30"]
[Round "5"]
[White "Pilte, Nicolas"]
[Black "Brunner, Nicolas"]
[Result "0-1"]
[WhiteElo "2015"]
[BlackElo "2421"]
[PlyCount "146"]
[EventDate "2009.07.27"]
[EventType "swiss"]
[EventRounds "9"]
[EventCountry "FRA"]
[SourceTitle "EXT 2016"]
[Source "ChessBase"]
[SourceDate "2015.10.08"]
[SourceVersion "1"]
[SourceVersionDate "2015.10.08"]
[SourceQuality "1"]

1. e4 c5 2. c3 Nf6 3. e5 Nd5 4. d4 cxd4 5. Nf3 e6 6. cxd4 b6 7. Nc3 Nxc3 8. bxc3 Qc7 9. Bd2 Bb7 10. Bd3 d6 11. 0-0 Nd7 12. Bf4 Be7 13. exd6 Bxd6 14. Bxd6 Qxd6 15. Ne5 Nxe5 16. dxe5 Qxe5 17. Qa4+ Ke7 18. Rfe1 Qc5 19. Qh4+ Kf8 20. Rad1 h6 21. Bg6 Qc7 22. Qa4 Bc6 23. Qc4 Rc8 24. Be4 Be8 25. Qd4 h5 26. Re3 h4 27. Rh3 Rh6 28. Bf3 Qe7 29. Be2 Bc6 30. Rhd3 Rg6 31. f3 Bd5 32. Qb4 Qc5+ 33. Rd4 h3 34. g3 Qxb4 35. cxb4 Ke7 36. a4 Rh6 37. Ba6 Rc7 38. Kf2 Rh8 39. Bf1 g5 40. f4 g4 41. f5 Bf3 42. R1d2 exf5 43. Ke3 Kf6 44. Kf4 Re8 45. Bd3 Re5 46. Rd6+ Re6 47. Bxf5 Rc4+ 48. R6d4 Rd6 49. Rxc4 Rxd2 50. Be4 Bxe4 51. Rxe4 Rxh2 52. Kxg4 Rh1 53. b5 Kg6 54. Rc4 f6 55. a5 h2 56. Kh3 Ra1 57. Kxh2 Rxa5 58. Rc7 Kf5 59. Kh3 Ra4 60. Rb7 Ke6 61. g4 Kd6 62. Rf7 Kc5 63. Rxf6 Kxb5 64. g5 Ra1 65. Rf3 Rh1+ 66. Kg4 Rh8 67. Rf7 a5 68. g6 a4 69. g7 Rg8 70. Kf3 a3 71. Ke3 Kb4 72. Kd3 a2 73. Ra7 Kb3 0-1

[Event "FRA-ch U16"]
[Site "Aix les Bains"]
[Date "2009.04.24"]
[Round "7"]
[White "Ollier, Milan"]
[Black "Pilte, Nicolas"]
[Result "0-1"]
[WhiteElo "1991"]
[BlackElo "1974"]
[PlyCount "122"]
[EventDate "2009.04.19"]
[EventType "swiss"]
[EventRounds "9"]
[EventCountry "FRA"]
[SourceTitle "CBM 130 Extra"]
[Source "ChessBase"]
[SourceDate "2009.07.02"]
[SourceVersion "2"]
[SourceVersionDate "2009.07.15"]
[SourceQuality "1"]

1. e4 e5 2. Nc3 Nf6 3. Bc4 Nc6 4. d3 Bb4 5. Bg5 h6 6. Bxf6 Bxc3+ 7. bxc3 Qxf6 8. Ne2 d6 9. 0-0 Be6 10. Bxe6 fxe6 11. f4 0-0 12. Qd2 d5 13. Qe3 d4 14. cxd4 Nxd4 15. Nxd4 exd4 16. Qf3 c5 17. Qh5 Rac8 18. Rf3 c4 19. Raf1 cxd3 20. cxd3 Rc2 21. Rg3 Kh7 22. Qa5 a6 23. e5 Qd8 24. Qa4 Rc3 25. Qb4 Rf7 26. a4 Qd5 27. h3 a5 28. Qb2 b5 29. axb5 a4 30. Qe2 a3 31. Qh5 Rcc7 32. b6 Rb7 33. Qg6+ Kh8 34. Qe4 Rxb6 35. Qxd5 exd5 36. Ra1 Ra7 37. Rf3 Kg8 38. Rf2 Kf7 39. f5 Rb3 40. Rd2 g6 41. g4 gxf5 42. gxf5 Re7 43. Re1 Rb2 44. Rxb2 axb2 45. Kg2 Rxe5 46. Rb1 Re2+ 47. Kf3 Rc2 48. Kf4 Kf6 49. Kg4 h5+ 50. Kf4 Rd2 51. h4 Rc2 52. Kg3 Kxf5 53. Rf1+ Ke5 54. Rb1 Kd6 55. Kf4 Kc5 56. Ke5 Re2+ 57. Kf5 Kb4 58. Rg1 Rc2 59. Rg8 Kc3 60. Rb8 Kxd3 61. Ke5 Kd2 0-1

[Event "FRA-ch U16"]
[Site "Aix les Bains"]
[Date "2009.04.22"]
[Round "5"]
[White "Fevre, Mathieu"]
[Black "Pilte, Nicolas"]
[Result "1-0"]
[WhiteElo "2065"]
[BlackElo "1974"]
[PlyCount "43"]
[EventDate "2009.04.19"]
[EventType "swiss"]
[EventRounds "9"]
[EventCountry "FRA"]
[SourceTitle "CBM 130 Extra"]
[Source "ChessBase"]
[SourceDate "2009.07.02"]
[SourceVersion "2"]
[SourceVersionDate "2009.07.15"]
[SourceQuality "1"]

1. e4 e5 2. Nf3 Nc6 3. Bc4 Nf6 4. d4 exd4 5. e5 Ng4 6. 0-0 d6 7. exd6 Qxd6 8. Re1+ Be6 9. h3 Nf6 10. Ng5 Nd5 11. Nxf7 Kxf7 12. Qf3+ Ke7 13. Bxd5 Nd8 14. Bf4 Qc5 15. Bg5+ Kd7 16. Bxe6+ Nxe6 17. Qf7+ Kc6 18. Qxe6+ Bd6 19. Qg4 h5 20. Qh4 Rhf8 21. Nd2 Rf5 22. Nb3 1-0

[Event "FRA-chT2 West 0809"]
[Site "France"]
[Date "2009.04.04"]
[Round "10.6"]
[White "Pilte, Nicolas"]
[Black "Riazuelo, Gilles"]
[Result "1/2-1/2"]
[WhiteElo "1930"]
[BlackElo "2134"]
[PlyCount "96"]
[EventDate "2008.10.19"]
[EventType "team-tourn"]
[EventRounds "11"]
[EventCountry "FRA"]
[SourceTitle "EXT 2010"]
[Source "ChessBase"]
[SourceDate "2010.11.25"]
[SourceVersion "1"]
[SourceVersionDate "2010.11.25"]
[SourceQuality "1"]
[WhiteTeam "Echiquier Bordelais"]
[BlackTeam "Le Chesnay"]
[WhiteTeamCountry "FRA"]
[BlackTeamCountry "FRA"]

1. e4 c5 2. c3 Nf6 3. e5 Nd5 4. d4 cxd4 5. Nf3 e6 6. cxd4 d6 7. Nc3 Nxc3 8. bxc3 Qc7 9. Qb3 Nd7 10. Bc4 Nb6 11. Bd3 Bd7 12. Ba3 Rc8 13. Rc1 Ba4 14. Qb1 Nc4 15. Qb4 Qc6 16. Qxc4 Qxc4 17. Bxc4 Rxc4 18. exd6 f6 19. 0-0 Kd7 20. Nd2 Rc8 21. Ne4 b6 22. c4 Bc6 23. Rfe1 Bxe4 24. Rxe4 Bxd6 25. c5 f5 26. Re2 Bb8 27. Rd1 Rhe8 28. g3 Kc6 29. cxb6 axb6 30. d5+ exd5 31. Rc2+ Kb7 32. Rxc8 Rxc8 33. Rxd5 g6 34. Rd7+ Rc7 35. Rxc7+ Bxc7 36. h3 Kc6 37. Kg2 Kd5 38. Kf3 b5 39. Ke3 Bb6+ 40. Ke2 Kc4 41. f3 Kc3 42. Bf8 Kb2 43. a3 Bd4 44. Kd3 Bf6 45. g4 fxg4 46. hxg4 h5 47. gxh5 gxh5 48. f4 Kb3 1/2-1/2

[Event "FRA-chT2 West 0809"]
[Site "France"]
[Date "2009.01.18"]
[Round "6.7"]
[White "Betton, Olivier"]
[Black "Pilte, Nicolas"]
[Result "1/2-1/2"]
[WhiteElo "2185"]
[BlackElo "1930"]
[PlyCount "110"]
[EventDate "2008.10.19"]
[EventType "team-tourn"]
[EventRounds "11"]
[EventCountry "FRA"]
[SourceTitle "EXT 2010"]
[Source "ChessBase"]
[SourceDate "2010.11.25"]
[SourceVersion "1"]
[SourceVersionDate "2010.11.25"]
[SourceQuality "1"]
[WhiteTeam "Evry Grand Roque II"]
[BlackTeam "Echiquier Bordelais"]
[WhiteTeamCountry "FRA"]
[BlackTeamCountry "FRA"]

1. c4 e5 2. g3 d6 3. Bg2 f5 4. Nc3 Nf6 5. d3 Be7 6. e4 0-0 7. Nge2 Be6 8. exf5 Bc8 9. h3 h5 10. Nd5 Nc6 11. Nxf6+ Bxf6 12. g4 g6 13. Bh6 Bg7 14. Bd5+ Kh8 15. Bxg7+ Kxg7 16. Ng3 Nd4 17. fxg6 Kxg6 18. Be4+ Kh6 19. Nxh5 Qh4 20. Qd2+ Qg5 21. Qxg5+ Kxg5 22. 0-0 Be6 23. b3 c6 24. Rae1 Rf7 25. Kh2 Raf8 26. Kg3 Nf3 27. Re3 Nh4 28. Re2 Bc8 29. Rd1 Nf5+ 30. Bxf5 Bxf5 31. f4+ exf4+ 32. Nxf4 Bxg4 33. Ne6+ Bxe6 34. Rxe6 Rf3+ 35. Kg2 Rf2+ 36. Kh1 R8f3 37. Rg1+ Kh5 38. Rg7 Rxa2 39. Rxd6 Rf1+ 40. Rg1 Rxg1+ 41. Kxg1 Rb2 42. d4 Rxb3 43. d5 cxd5 44. Rxd5+ Kh4 45. Kg2 Rg3+ 46. Kf2 Kxh3 47. Ke2 Rg2+ 48. Kd3 Rg4 49. Rd7 Rg3+ 50. Kc2 Kg4 51. Rxb7 Kf5 52. Rxa7 Ke6 53. c5 Kd5 54. Rc7 Rh3 55. Rc8 Rg3 1/2-1/2

[Event "FRA-chT2 West 0809"]
[Site "France"]
[Date "2008.12.14"]
[Round "4.7"]
[White "Pilte, Nicolas"]
[Black "Auvray, Simon"]
[Result "1-0"]
[WhiteElo "1930"]
[BlackElo "1944"]
[PlyCount "69"]
[EventDate "2008.10.19"]
[EventType "team-tourn"]
[EventRounds "11"]
[EventCountry "FRA"]
[SourceTitle "EXT 2010"]
[Source "ChessBase"]
[SourceDate "2010.11.25"]
[SourceVersion "1"]
[SourceVersionDate "2010.11.25"]
[SourceQuality "1"]
[WhiteTeam "Echiquier Bordelais"]
[BlackTeam "Agneaux Saint Lo"]
[WhiteTeamCountry "FRA"]
[BlackTeamCountry "FRA"]

1. e4 c5 2. c3 d5 3. exd5 Qxd5 4. d4 Nc6 5. Nf3 Bg4 6. Be2 e6 7. c4 Qh5 8. d5 0-0-0 9. Nc3 Nf6 10. 0-0 Nd4 11. Nxd4 Bd6 12. h3 Qe5 13. g3 cxd4 14. hxg4 dxc3 15. Bf4 Qe4 16. f3 Bc5+ 17. Kg2 Qd4 18. Qxd4 Bxd4 19. bxc3 Bxc3 20. Rac1 Ba5 21. d6 e5 22. Bxe5 Rhe8 23. f4 Nd7 24. Bf3 Nxe5 25. fxe5 Rxe5 26. c5 Bb4 27. Bxb7+ Kxb7 28. Rxf7+ Kc6 29. Rc7+ Kd5 30. d7 Re2+ 31. Kh3 Rf2 32. c6 Rff8 33. Rxa7 Ke6 34. c7 Rxd7 35. Ra6+ 1-0

[Event "FRA-ch U12"]
[Site "Calvi"]
[Date "2005.04.17"]
[Round "1"]
[White "Pilte, Nicolas"]
[Black "Fevre, Mathieu"]
[Result "0-1"]
[WhiteElo "1670"]
[BlackElo "1951"]
[PlyCount "64"]
[EventDate "2005.04.??"]
[EventType "swiss"]
[EventRounds "9"]
[EventCountry "FRA"]
[SourceTitle "EXT 2006"]
[Source "ChessBase"]
[SourceDate "2005.11.24"]
[SourceVersion "1"]
[SourceVersionDate "2005.11.24"]
[SourceQuality "1"]

1. e4 c5 2. Nf3 d6 3. d3 g6 4. g3 Bg7 5. c3 Nc6 6. Bg2 Nf6 7. Bf4 Bd7 8. Na3 a6 9. Qe2 Nh5 10. Bd2 Rc8 11. 0-0 0-0 12. Bg5 h6 13. Be3 b5 14. Qd2 Kh7 15. Nh4 Nf6 16. h3 Ng8 17. Rac1 e5 18. b4 cxb4 19. cxb4 f5 20. f4 exf4 21. Bxf4 g5 22. Bxd6 Rf6 23. e5 Rxd6 24. exd6 gxh4 25. Bxc6 Bxc6 26. Qf4 hxg3 27. Qxf5+ Kh8 28. Qc5 Qh4 29. Qxc6 Rxc6 30. Rxc6 Qxh3 31. Rc2 Bd4+ 32. Rff2 gxf2+ 0-1